000 00766nam a2200229Ii 4500
003 JO-AjNU
008 230605s9999||||xx |||||||||||||| ||und||
017 _a1980/1600
020 _a977-7001-83-7
040 _aJO-AjNU
_bara
_erda
_cJO-AjNU
041 _aara
050 1 4 _aPJ6065.S52 1990
100 3 _aتاليف شلبي، أحمد,
_eauthor
_937076
245 0 0 _aتعليم اللغة العربية لغير العرب
250 _aط5
264 3 1 _aالقاهرة: مكتبة النهضة المصرية، 1990
300 _a230ص
336 _atext
_btxt
_2rdacontent
337 _aunmediated
_bn
_2rdamedia
338 _avolume
_bnc
_2rdacarrier
650 4 _aاللغة العربية-تعليم اللغة العربية لغير العرب
_937077
999 _aA15460
_c19028
_d19028